000 00690nam a2200205Ia 4500
003 IN-BaIIA
008 211028s9999 xx 000 0 eng d
020 _a0-8243-0913-8
040 _cIIA Library
080 _a047.1:52
_bARA-13
245 0 _aAnnual review of astronomy and astrophysics
_bvol. 13
_cedited by Geoffrey Burbidge, David Layzer and John G. Philips
260 _aCalifornia
_bAnnual Reviews
_c1975
300 _a557p.
650 _aAnnual Reviews-Astronomy and Astrophysics
_98535
650 _aAstronomy and Astrophysics Thesaurus
700 _aBurbidge, Geoffrey., ed.
_98536
700 _aLayzer, David., ed.
_94091
700 _aPhilips, John G., ed.
_97607
942 _cBK
999 _c4799
_d4799